| 000 | 01096nam a2200241Ia 4500 | ||
|---|---|---|---|
| 999 |
_c50952 _d50952 |
||
| 001 | 17909 | ||
| 003 | GE_BSU | ||
| 005 | 20200228141015.0 | ||
| 008 | 181216s1960 xx |||||||||||||| ||geo|| | ||
| 040 | _cGE_BSU | ||
| 041 | _ageo | ||
| 080 | _a821.353.1-1 შ-19 | ||
| 100 |
_aშალამბერიძე, ო. _91328 |
||
| 245 |
_aსალამური და თეთრი ცისკარი : _bლექსები / _c ო. შალამბერიძე ; რედ. ილ. ხოშტარია ; მხატვ. ი. ჯანაშვილი . |
||
| 264 |
_aთბილისი : _bსაბჭ. საქართველო, _c1960. |
||
| 300 |
_a78 გვ. ; _c19 სმ. |
||
| 653 | _aლექსები | ||
| 653 | _aსალამური და თეთრი ცისკარი | ||
| 653 | _aქართული ლიტერატურა | ||
| 700 |
_aხოშტარია, ილ _eმხატვარი _94170 |
||
| 700 |
_aჯანაშვილი, ი _eმხატვარი _95653 |
||
| 942 |
_cBK _2udc |
||